[Event "Cuernavaca m"]
[Site "Cuernavaca"]
[Date "2004.12.09"]
[Round "1"]
[White "Nakamura, Hikaru"]
[Black "Karjakin, Sergey"]
[Result "1-0"]
[WhiteElo "2620"]
[BlackElo "2576"]
[Annotator "Gofshtein,L"]
[PlyCount "81"]
[EventDate "2004.12.09"]
[EventType "match"]
[EventRounds "6"]
[EventCountry "MEX"]
[SourceTitle "CBM 105"]
[Source "ChessBase"]
[SourceDate "2005.04.11"]
[SourceVersion "1"]
[SourceVersionDate "2005.04.11"]
[SourceQuality "1"]

1. e4 {[%mdl 4]} e5 2. Nf3 Nc6 3. d4 exd4 4. Nxd4 Nf6 5. Nc3 Bb4 6. Nxc6 bxc6
7. Bd3 d5 8. exd5 O-O 9. O-O {It is dangerous to take the pawn 9.dc because of
9...Bg4 with compensation for the sacrificed material} (9. dxc6 $6 Bg4 10. Be2
(10. f3 Qe8+ 11. Kf1 Bh5 $44) 10... Qe7 11. O-O Rad8 12. Bxg4 Rxd1 13. Bxd1
Bxc3 14. bxc3 Qe6 $36 {0-1 Candela Perez,J-Mitkov,N/Orense 1997/EXT 99 (37)})
9... cxd5 10. Bg5 c6 11. Na4 {White carries out a typical plan for this
variation which involves the advance c2-c4 with a further opening of the
c-file and the conquering of important squares on the queenside} h6 12. Bh4 Re8
{Black activizes his rook by transfering it to a more active position} 13. c4
Bd6 {[%cal Rd6h2] The black bishop is also transfered to a better position} 14.
Rc1 Rb8 {14...Bf4 deserved serious attention and as the next given below show
black has a good counterplay} (14... Bf4 $5 15. Rc2 Bg4 (15... Qd6 16. Bg3 Bxg3
17. hxg3 Bg4 18. Qc1 d4 19. Qf4 Qxf4 20. gxf4 Nh5 21. g3 Bf3 $132 {1/2-1/2
Pedersen,N-Hebden,M/Mallorca 2004/CBM 104 no vc (32)}) 16. f3 Be6 17. cxd5 Bxd5
18. Bc4 Qd6 19. Bxf6 Bxh2+ 20. Kh1 Qxf6 21. Bxd5 Bg3 22. Rc4 cxd5 $19 {0-1
Zarnicki,P-Sokolov,I/Oviedo 1993/CBM 038 ext (25)}) 15. b3 Be6 {Again 15...Bf4
deserves attention and as the games show black has a fine game} (15... Be5 16.
Bg3 Qd6 17. Re1 Bg4 18. Qc2 Bxg3 19. hxg3 Rbd8 20. Qc3 Ne4 21. Qd4 Bf5 22. cxd5
cxd5 $14 {1-0 Pedersen,N-Khruschiov,A/Bled 2002/EXT 2003 (100)}) (15... Bf4 $5
16. Rc2 Qd6 17. Bg3 Bg4 (17... Bxg3 18. hxg3 Re5 19. Re1 Bg4 20. f3 Bd7 21. g4
Rg5 $132 {0-1 Zifroni,D-Zulfugarli,M/Siofok 1996/Juniors (30)}) 18. Bxf4 Qxf4
19. Qd2 (19. Qc1 Qd4 $132 {1/2-1/2 Trabert,B-Sammalvuo,T/Kuopio 1995/EXT 2000 
(25)}) 19... Qxd2 20. Rxd2 Rbd8 21. f3 dxc4 22. bxc4 Bf5 $132 {0-1 Karlovich,
A-Trabert,B/Athens GRE 2004/The Week in Chess 524 (40)}) 16. cxd5 Bxd5 {
[%csl Rc5,Rc6][%cal Ra4c5,Rc1c5]} (16... cxd5 17. Nc5 $14) 17. Bc4 {White
wants to exchange black's active bishop} Bf4 18. Rc3 Be5 {Black could probably
equalise after 18...Re4} (18... Re4 $5 19. g3 Bxc4 20. Rxc4 Rxc4 21. Qxd8+ Rxd8
22. Bxf6 Rxa4 23. Bxd8 Rd4 24. Be7 Bd2 $132) 19. Rc2 Qd6 (19... Be4 $5 20. Re2
Qxd1 21. Rxd1 Bd5 $132) 20. Bxf6 Bxf6 21. Bxd5 cxd5 {As the result of the
exchanges the game to a position with a small advantage for white. He has a
potential to enlarge his advantage as a queen and a knight cooperate much
better than a queen with a bishop} 22. Nc5 Be5 (22... Re7 $5 23. Nd3 Rbe8) 23.
g3 Rbc8 24. Nd3 Bc3 (24... Bf6) 25. Nf4 d4 26. Qd3 Ba5 $6 {It was better to
play 26...Rc5 with counterplay} (26... Rc5 $5 27. Re2 Rce5) 27. Rc4 Rxc4 $6 {
Black shouldn't have exchanged on c4, allowing the white knight a possibility
to come to d5} (27... Bc3 $5) 28. bxc4 Qe5 29. Rb1 {[%cal Rb1b7] White tries
to activize his (still) passive rook} Bc3 $6 {A dubious move. On c3 the bishop
is out of play} (29... Bb6 30. Nd5 Bc5 31. Rb7 f5 $132) 30. Rb7 {[%cal Rb7a7,
Rb7f7]} Re7 (30... a5) 31. Rb5 Qd6 (31... Qe1+ 32. Kg2 Qe4+ 33. Qxe4 Rxe4 34.
Rb8+ Kh7 35. Rb7 $16) 32. Nd5 Re6 33. Rb7 {Suddenly white succeeded to create
dangerous threats. It is only left to bring the queen to the game in order to
make those threats decisive} (33. Nxc3 dxc3 34. Qxc3 Qd1+ 35. Kg2 Re1 $36)
33... Re8 (33... a5 34. Qf3 Re1+ 35. Kg2 f6 36. c5 $36) 34. Qf3 Rf8 35. Rxa7
$16 {White's advantage is evident. He has an extra pawn and a much better
position} Bb4 36. Qf5 Bc5 37. Rc7 Ba3 38. c5 $1 Bxc5 (38... Qe6 39. Ne7+ Kh8
40. Qxe6 fxe6 41. Ng6+ $18) 39. Rxc5 $18 g6 (39... Qxc5 40. Nf6+ gxf6 41. Qxc5
$18) 40. Nf6+ Kg7 41. Ne4 1-0

[Event "ISR-ch sf"]
[Site "Beersheba"]
[Date "2004.08.15"]
[Round "3"]
[White "Shevelev, Arkady"]
[Black "Golod, Vitali"]
[Result "0-1"]
[WhiteElo "2340"]
[BlackElo "2538"]
[Annotator "Golod,V"]
[PlyCount "98"]
[EventDate "2004.08.11"]
[EventType "swiss"]
[EventRounds "9"]
[EventCountry "ISR"]
[SourceTitle "CBM 103"]
[Source "ChessBase"]
[SourceDate "2004.11.11"]
[SourceVersion "1"]
[SourceVersionDate "2004.11.11"]
[SourceQuality "1"]

1. e4 e5 2. Nf3 Nc6 3. Nc3 Nf6 4. d4 Bb4 $5 {I have decided to apply this idea
only before a game.} 5. d5 ({In the last five years Black has a excellent
statistics in the following line:} 5. Nxe5 $5 Bxc3+ 6. bxc3 Qe7 {and so on.})
5... Nb8 $5 ({Besides Black has a main alternative:} 5... Ne7 $5 6. Nxe5 $140
O-O $44) 6. Bd3 (6. Nxe5 $6 Qe7 7. Qd4 $140 $4 {[%tqu "En","Can you find nice
bomb that gives to Black material advantage?","It's necessary to use a shaky
position of the White's knight.","","c7c5","",10]} c5 $1 8. dxc6 Bc5 $19 {
[%csl Yd4,Re5][%cal Gc5d4,Yd4e5,Ge7e5] Evchin,M-Kosikov,A/Kiev,2003(0-1)(18)})
6... d6 ({It deserves serious attention:} 6... Bxc3+ $5 7. bxc3 d6 $11) 7. Bd2
({On:} 7. h3 {you can find eleven games in Mega DataBase 2004; also in this
position once were checked the following moves: 7.a3 and 7.0-0}) 7... Nbd7 $146
({The game,which have reached this position were continued as follows:} 7...
O-O $143 8. a3 Bxc3 9. Bxc3 Nbd7 10. b4 {(><c5)} g6 11. Bd2 $14 {Liardet,
F-Giertz,N/Zug,1991(0-1)(32)}) 8. Na4 $5 {><c5 Can it was necessary to decide
on the more reliable continuation:} (8. a3 $5 Bxc3 9. Bxc3 Nc5 10. Qe2 $11)
8... Bxd2+ 9. Qxd2 (9. Nxd2 $5 {/\c4,b4 and c5.}) 9... Nb6 $11 {It became
already clear,that Black have decided all opening problems.} 10. Nc3 {Arkady
have decided to not spoil my pawns structure on the queen side:} (10. Nxb6 $5
axb6 (10... cxb6 $143 11. O-O {/\c4,b4 and c5 +/=/=} (11. Bb5+ $6 Kf8 {/\h6,g6
and Kg7})) 11. O-O O-O 12. c4 $11) 10... O-O 11. O-O Nh5 $5 {I want
immediately to begin pressure on the king side: 12...Nf4 or 12...f5.} 12. Qg5
$6 {Obvious aspiration to drawn game,but in my opinion,it's not enough for the
equation.} Nf4 $1 13. Qxd8 Rxd8 14. Rfe1 (14. g3 $5 Nxd3 15. cxd3 c6 {[+]} 16.
dxc6 bxc6 17. Kg2 {/\d4} c5 $1 {() =/=/+}) 14... c6 15. dxc6 bxc6 16. Bf1 (16.
Rad1 $5 Bg4 $140 17. Re3 {/\h3}) 16... f6 {=/=/+ Black strengthen the pawns
structure and,at case,prepare progress "d5".} 17. a4 a5 {After progress "d5",
the point "b5" will be weakened, but I did not have choice.} 18. h3 Be6 19. Kh2
Rac8 {[%csl Rc2,Gc8][%cal Gd6d5]} (19... g5 $5 20. g3 $140 Ng6 {with idea to
grasp additional space on the king side.}) 20. g3 Ng6 21. Ba6 $5 Rc7 $140 {
It's unsuccessful place for my rook,here he can get under the tempo,after
"Nb5".} 22. Bd3 Nf8 23. Nd2 Nfd7 24. Reb1 {/\b4} ({I fairly was afraid of the
following idea:} 24. f4 $5 {(><e5) =/=/+}) 24... d5 25. b4 ({Leads to
favourable simplifications for Black:} 25. exd5 $6 Nxd5 $1 {/\Nb4 (ץd3,Pc2)} (
25... cxd5 $6 26. Nb5 Rcc8 27. Na7 $1 $132) 26. Nxd5 (26. Nce4 Nb4 27. Ra3 c5
$15) 26... cxd5 27. Nb3 (27. c3 $143 Nc5 28. Bb5 d4 $17) 27... Ra8 $15) 25...
axb4 26. Rxb4 d4 27. Nd1 $6 {It was a much better - immediately to advance the
white pawn:} (27. a5 $1 Ra7 (27... dxc3 $2 28. axb6 Rb7 29. Nc4 $11) 28. Nd1 (
28. Ne2 $143 c5 29. Rb5 c4 30. axb6 Rxa1 31. Nxc4 Rc8 $15) 28... c5 (28... Rda8
$2 29. Rab1 Nc8 30. Bc4 Kf7 31. Bxe6+ Kxe6 32. Nc4 $11) 29. Rb5 c4 30. Be2 c3
31. Nb3 Nc8 {[%csl Ra5][%cal Gc8d6] =/=/+}) 27... c5 28. Rbb1 $6 {A little bit
passive continuation.} (28. Rb5 $142 c4 29. Be2 c3 30. Nb3 $15) 28... c4 29.
Bf1 Ra8 $1 30. a5 $140 {Now this progress is much worse,than on the 27-th move.
} ({Hardly it was a much better:} 30. Rb4 c3 $17) {[%tqu "En","Find the best
continuation for Black?","","","c7a7","When I played 29...Ra8, it was with the
purpose- 30...Nc8 and only now I have found this resource!",10]} 30... Rca7 $1
{When I played 29...Ra8, it was with the purpose- 30...Nc8 and only now I have
found this resource!} 31. Rb5 $2 {It's discrepancy,which allows to receive a
material advantage for contender.} ({Also it was badly:} 31. axb6 $2 {in view
of:} Rxa1 32. b7 $140 R8a2 $1 33. b8=Q+ Nxb8 34. Rxb8+ Kf7 $19 {[%csl Rc2,Rd1]
[%cal Ga1d1,Ga2c2]} 35. Nb2 $140 (35. Rb7+ Kg6) 35... c3) ({At once after a
game,Arkady specified the correct decision:} 31. Nb2 $5 c3 32. Nbc4 cxd2 33.
Nxb6 Nxb6 34. axb6 (34. Rxb6 $143 Rxa5 35. Rd1 Ra1 36. Rxd2 Rxf1 37. Rxe6 Rc8
$1 {/\Re1(קe4) =/+/-/+} 38. f4 $140 $2 Re1 $1 $19 {[%csl Re4,Re6]}) 34... Rxa1
35. b7 Kf7 $1 36. bxa8=Q (36. Rxa1 $4 Rxa1 {[%csl Ya1][%cal Gd2d1,Ya1b1]})
36... Rxa8 37. Rd1 {=/+/-/+}) 31... c3 $17 32. Nf3 {White,at all,do not try to
create a counterplay:} (32. Rab1 $5 Rxa5 33. Rxb6 Nxb6 34. Rxb6 cxd2 35. Rxe6
Rc8 $17 {[%csl Rc2][%cal Ga5a1,Gc8c2]}) 32... Nc4 33. Ne1 (33. a6 $143 Rxa6 34.
Rxa6 Rxa6 $19) 33... Nd6 $1 34. Rbb1 Rxa5 {I have decided to avoid even
slightest risk:} (34... Nxe4 $5 35. Bg2 Bd5 $19) 35. Rxa5 Rxa5 36. f3 Nc5 37.
Nf2 (37. Rb6 $2 Ra1 38. Be2 Bc4 $1 $19) 37... Kf7 {I have prevented threat of
White: "Rb6" and now I plan to play on the following moves: Ke7,Nc4 (or Bc4).}
38. Nfd3 Nxd3 39. Nxd3 (39. Bxd3 $142 {-/+/-+}) 39... Bc4 40. Kg1 Ra2 41. Ne1
Bxf1 $1 42. Kxf1 $140 f5 43. Rb6 $2 $138 {It's last mistake in a hopeless
position.} (43. exf5 $142 Nxf5 44. Kf2 Ne3 45. Rc1 Ke6 46. Ke2 Kd5 47. Kd3 Nf1
$1 48. g4 Ne3 49. Rb1 g5 50. Rb5+ Kd6 51. Rb6+ Kc5 52. Rb1 (52. Rb7 $2 Ra1 53.
Ke2 Rd1 {/\Rd2 -+}) 52... Kc6 53. Ke4 Rb2 54. Rc1 Kd6 55. Kd3 Kd5 56. Ra1 Rb5
$22 57. Rc1 (57. Ke2 Kc4 58. Ra4+ Rb4 59. Rxb4+ (59. Ra1 Rb2 $19) 59... Kxb4
60. Kd3 (60. Nd3+ Ka3 61. Nxe5 Nxc2 $19) 60... Kc5 61. Ke4 Kd6 $22 $19) 57...
Ra5 58. Rb1 h6 59. Rc1 Nc4 60. Ke2 Nb2 61. Nd3 Kc4 $19) 43... Ke7 $19 {The
rest is easy without comments.} 44. Nd3 (44. exf5 Nxf5 {[%csl Rc2,Rg3][%cal
Gf5g3,Gf5e3]}) 44... fxe4 45. Nxe5 (45. fxe4 Rxc2 46. Nxe5 Rb2 {/\c2} 47. Rc6
Nxe4 $19) 45... d3 $1 46. fxe4 $140 Ra1+ 47. Kf2 d2 48. Nc6+ Kd7 49. e5 (49.
Ne5+ Ke6) 49... Ne4+ 0-1

[Event "Dieren op"]
[Site "Dieren"]
[Date "1998.07.24"]
[Round "4"]
[White "Van Haastert, Edwin"]
[Black "Golod, Vitali"]
[Result "0-1"]
[WhiteElo "2345"]
[BlackElo "2555"]
[Annotator "Golod,V"]
[PlyCount "82"]
[EventDate "1998.08.??"]
[EventType "swiss"]
[EventRounds "9"]
[EventCountry "NED"]
[SourceTitle "CBM 066"]
[Source "ChessBase"]
[SourceDate "1998.09.30"]
[SourceVersion "1"]
[SourceVersionDate "1998.09.30"]
[SourceQuality "1"]

1. e4 e5 2. Nf3 Nc6 3. Nc3 Nf6 4. d4 exd4 5. Nd5 $6 (5. Nxd4 $5) 5... Nb4 $1 (
5... Be7 $5) 6. Bc4 $5 (6. Nxf6+ $143 $6 Qxf6 7. Bc4 Bc5 8. O-O d6 9. Ng5 O-O
10. e5 Qg6 11. a3 Nc6 12. Bd3 Bf5 $15 {0-1 Van der Weide,K-Golod,V/Groningen
op 1995 (38)}) 6... Nbxd5 7. exd5 Bb4+ 8. Bd2 Qe7+ $5 (8... Bxd2+ $6 9. Qxd2
O-O (9... Qe7+ 10. Kf1 $1 $13) 10. O-O c5 11. dxc6 dxc6 12. Qxd4 $11) 9. Qe2
$142 Bxd2+ $1 (9... Qxe2+ $143 10. Kxe2 Bxd2 11. Kxd2 Ne4+ 12. Ke2 $11) 10.
Kxd2 $8 (10. Nxd2 $2 Qxe2+ 11. Kxe2 b5 $1 $15) 10... Qxe2+ (10... Ne4+ $2 11.
Kd1 (11. Kc1 $5) 11... O-O 12. Re1 Re8 13. Nd2 Nxd2 14. Qxe7 Rxe7 15. Kxd2 $14)
11. Kxe2 $8 c5 $1 12. dxc6 bxc6 $1 $15 (12... dxc6 $6 13. Nxd4 {+/=/=}) 13.
Nxd4 d5 14. Bd3 $5 (14. Bb3 $143 c5 15. Ba4+ Ke7 16. Nb3 Ba6+ 17. Kf3 (17. Kd2
Kd6 18. f3 Rab8 $15 {0-1 Van der Brink,P-Van de Oudeweetering,A/NLD-ch sf 1993
(38)}) 17... Kd6 18. a3 Rab8 19. Rab1 Bc4 20. Rhd1 h5 $15 {1/2-1/2 Ponomariov,
B-Golod,V/1/4 Final of Ukraine(ch) 1990 (56)}) 14... c5 15. Nb5 $1 $146 (15.
Bb5+ $143 Bd7 (15... Ke7 $5) 16. Bxd7+ Kxd7 17. Nf5 Rhe8+ 18. Kf3 Re5 $15 {
0-1 Eriksson,M-Sandstrom,L/Helsingborg-A 1991 (42)}) 15... O-O $5 (15... c4
$143 16. Bf5 (16. Nc7+ $2 Kd7 17. Nxa8 cxd3+ 18. cxd3 Bb7 $17) (16. Bxc4 dxc4
17. Nc7+ Kd7 18. Nxa8 Re8+ $1 $15 {[%cal Gc8b7]}) 16... Bxf5 17. Nd6+ Kd7 18.
Nxf5 Rhe8+ 19. Kf3 Re5 20. Ne3 $1 $11 (20. Nd4 $143 Ne4 21. Rad1 Rb8 22. b3 Rb6
$36)) 16. b3 Be6 $5 {[%csl Rd3][%cal Gc5c4]} (16... c4 $5 17. bxc4 Re8+ $44)
17. c4 (17. c3 $5) (17. Kd2 $5) 17... Rfe8 18. Kf3 (18. Nc7 $2 dxc4 19. Bc2 $1
(19. Bb1 $4 Bg4+ 20. Kf1 cxb3 {[%csl Ra1][%cal Gb3b2]} 21. axb3 Rad8 $19 {
[%csl Rf1]}) (19. bxc4 $4 Bxc4+ 20. Nxe8 Rxe8+ 21. Kd2 Rd8 $19) 19... cxb3 20.
axb3 Bxb3+ 21. Nxe8 Rxe8+ 22. Kd2 Bxc2 23. Kxc2 Re2+ 24. Kb3 Rxf2 25. Rxa7 $15)
18... Rad8 $1 {[%csl Rd3]} 19. Rhe1 Re7 20. Nc3 Rde8 {[%csl Re1][%cal Ge6g4]}
21. Rec1 $142 (21. Kg3 $2 Nh5+ 22. Kf3 (22. Kh4 Nf4 $36) 22... Bg4+ $1 23. Kxg4
Nf6+ $17) (21. Kf4 $2 Nh5+ 22. Kg5 (22. Kf3 Bg4+ 23. Kxg4 Nf6+ $17) 22... f6+
23. Kxh5 (23. Kh4 Nf4 $17 (23... g5+ $143)) 23... Bf7+ $19 {[%csl Re1]}) 21...
d4 22. Na4 Bg4+ 23. Kg3 Re5 {[%csl Ra4][%cal Gg4d7]} 24. f3 Bd7 25. Nb2 Nh5+
26. Kf2 Nf4 27. Rc2 $8 (27. Rd1 $4 Re2+ $1 28. Bxe2 Rxe2+ 29. Kf1 (29. Kg3 $2
g5 $1 {[%csl Rg3][%cal Gf4h5,Ge2g2]}) 29... Rxb2 $19) (27. Bf1 $4 Re2+ 28. Bxe2
Rxe2+ 29. Kf1 (29. Kg3 $2 g5 $1 $19) 29... Rxb2 $19) 27... Nxd3+ (27... Re3 $5
28. Bf1 $5 (28. Rd2 $5 Bf5 29. Bf1 $1 $11 (29. Bxf5 $2 Re2+ 30. Rxe2 Rxe2+ 31.
Kg3 g5 $1 $17))) 28. Nxd3 Bf5 29. Nxe5 $8 (29. Rd1 $2 Re3 30. Rcd2 Bxd3 31.
Rxd3 Re2+ 32. Kg3 Rxa2 33. b4 $17) 29... Bxc2 30. Re1 $1 (30. Nd7 $4 d3 31. Re1
Rd8 $19) (30. f4 d3 31. Nf3 a5) 30... f6 $5 {><e5} 31. Nc6 (31. Nd7 $2 Rd8 32.
Nxc5 d3 33. Ne6 Rd6 $1 34. c5 Rxe6 35. Rxe6 d2 36. Rd6 d1=Q 37. Rxd1 Bxd1 38.
c6 Bc2 $17 {[%cal Gc2f5,Yc2d3,Yd3a6]}) (31. Nd3 $2 Rxe1 32. Nxe1 Bb1 $17) 31...
Ra8 $1 {[%csl Rb3][%cal Ga7a5]} 32. b4 $6 (32. Ke2 $5) (32. Na5 $5) (32. Re7 $6
a5 $15 {[%csl Ra2,Rb3,Rc4][%cal Ga5a4]}) 32... Ba4 $1 {[%csl Rb4,Rc6]} 33. b5
$4 (33. Ne7+ $1 Kf8 34. Nd5 $15 (34. bxc5 $4 d3 $19 {[%csl Gd3,Re7]})) 33... a6
$1 {[%csl Rc6]} 34. Rb1 (34. Ne7+ Kf8 35. Nd5 (35. b6 $2 d3 36. b7 Rb8 $19)
35... axb5 $17) 34... Kf7 $1 {[%csl Rc6][%cal Gf7e6,Ge6d6]} 35. Ke2 Ke6 36. Kd2
Kd6 37. a3 $5 (37. Rb2 g5 $1 {(/\h5-h4-/+)} (37... axb5 $2 38. cxb5 Bxb5 39.
Nxd4 $8 cxd4 40. Rxb5 Rxa2+ 41. Kd3 Rxg2 42. Rh5 $8 $15)) 37... g5 $1 $19 {
[%cal Gh7h5,Gh5h4]} 38. h4 $2 gxh4 39. Nb4 $4 cxb4 40. Rxb4 axb5 41. cxb5 Kc5 {
(1.54-1.59)} 0-1

[Event "Stuttgart-chA int"]
[Site "Ditzingen"]
[Date "2015.05.16"]
[Round "5"]
[White "Karpatchev, Aleksandr"]
[Black "Bosiocic, Marin"]
[Result "1-0"]
[WhiteElo "2466"]
[BlackElo "2563"]
[Annotator "Gutman,L"]
[PlyCount "51"]
[EventDate "2015.05.14"]
[EventType "swiss"]
[EventRounds "7"]
[EventCountry "GER"]
[SourceTitle "EXT 2016"]
[Source "ChessBase"]
[SourceDate "2015.10.08"]
[SourceVersion "1"]
[SourceVersionDate "2015.10.08"]
[SourceQuality "1"]

1. e4 e5 2. Nf3 Nc6 3. Nc3 Nf6 4. a3 $5 {Das Vierspringerspiel ist wieder in
Mode.} g6 ({Minder ratsam ist} 4... Bd6 {wegen} 5. Bc4 ({jedoch nicht} 5. d4
exd4 6. Nxd4 O-O 7. Nf5 Be5 $15 {Warakomski-Bosiosic, Rapid Wroclaw 2014}) 5...
O-O 6. d3 $14) ({Dagegen} 4... d6 $5 5. d4 exd4 6. Nxd4 Be7 {Motylev-Dubov,
Moskau Blitz 2014}) ({oder} 4... d5 $5 5. exd5 Nxd5 {Motylev-Kariakin, Moskau
Blitz 2014, kommt stark in Betracht;}) 5. Bc4 Bg7 6. d3 d6 7. h3 h6 $6 ({
Nichts sprach gegen} 7... O-O {wie Adams spielte.}) 8. Be3 Qe7 ({Nach} 8... Be6
9. O-O O-O 10. Qd2 Kh7 {Iwanow-Sabuk, Poronin 2014, ist} 11. Bxe6 $5 fxe6 12.
Rad1 d5 13. d4 $14 {gut}) ({Auch} 8... O-O 9. Qd2 Kh7 {kann nicht überzeugen
wegen} 10. O-O-O ({schwächer geschah} 10. g4 Nd7 11. O-O-O Nd4 {
Karpatchev-Soukos, Isthmia 2013}) 10... Nd7 11. Kb1 Nd4 12. Bxd4 exd4 13. Nb5
$14) 9. Qd2 Be6 10. O-O-O a6 $5 ({Sowohl} 10... Bxc4 11. dxc4 Qe6 12. b3 O-O-O
13. Ne1 $14) ({als auch} 10... Nxe4 11. Nxe4 d5 12. Bb5 d4 13. Rhe1 dxe3 14.
Bxc6+ bxc6 15. Qxe3 O-O 16. Ned2 $14 {verspricht Weiß etwas mehr vom Spiel.})
11. Kb1 $6 ({Die erste Ungenauigkeit. Bessere Chancen sicherte} 11. Bd5 $5)
11... b5 $5 ({Zum Ausgleich reichte} 11... Qd7 $5 12. Rhe1 O-O-O 13. Nd5 ({oder
} 13. Bxe6 fxe6 14. d4 exd4 15. Nxd4 Nxd4 16. Bxd4 Qf7 $11) 13... Bxd5 14. exd5
Ne7 15. Qa5 Kb8 $11) 12. Nd5 Bxd5 13. Bxd5 Nxd5 14. exd5 Nb8 15. d4 e4 16. Rde1
Nd7 17. Bf4 f5 18. g4 O-O-O ({Vorteil versprach} 18... Nb6 $1 $17) 19. gxf5
gxf5 20. Qa5 Nb8 ({Und hier war} 20... Kb7 {stärker, mit die Idee} 21. a4 Qf7
22. axb5 Ra8 23. Qc3 Qxd5 24. Qc6+ Qxc6 25. bxc6+ Kxc6 26. Nh4 Rhf8 $15) 21. c4
Qd7 $2 ({Bringt Schwarz in eine kritische Lage. Vorzuziehen war} 21... Qf7 $11)
22. c5 exf3 $2 ({Das kleinere Übel wäre} 22... dxc5 23. dxc5 exf3 24. c6 $16)
23. cxd6 cxd6 24. Qb6 Bxd4 ({Keine Rettung versprach} 24... Qb7 25. Rc1+ Nc6
26. Rxc6+ Kb8 27. Qa5 $18) 25. Rc1+ Bc5 26. Rxc5+ 1-0

[Event "Munich SKA"]
[Site "Munich"]
[Date "1992.??.??"]
[Round "7"]
[White "Christiansen, Larry Mark"]
[Black "Gelfand, Boris"]
[Result "1-0"]
[WhiteElo "2595"]
[BlackElo "2665"]
[Annotator "Hansen,Cu"]
[PlyCount "107"]
[EventDate "1992.05.??"]
[EventType "tourn"]
[EventRounds "11"]
[EventCountry "GER"]
[EventCategory "14"]
[SourceTitle "CBM 030"]
[Source "ChessBase"]
[SourceDate "1992.10.01"]
[SourceVersion "1"]
[SourceVersionDate "1992.10.01"]
[SourceQuality "1"]

1. e4 e5 2. Nf3 Nf6 3. Nc3 Nc6 4. d4 exd4 5. Nxd4 Bb4 6. Nxc6 bxc6 7. Bd3 d5 8.
exd5 cxd5 9. O-O O-O 10. Bg5 c6 11. Ne2 Bg4 12. c3 Bd6 (12... Bc5 13. h3 $6 Bh5
14. Qa4 Bxe2 15. Bxe2 Qd6 $10 {Wolff-Hermann BL 1984}) (12... Be7 13. Qa4 (13.
h3 Bh5 14. Qa4 Bxe2 15. Bxe2 Nd7 16. Be3 Qc7 17. Rfd1 Bc5 18. Bd4 Rfe8 19. Bg4
Bxd4 20. cxd4 Nf6 21. Bf3 $10 {Kupreichik-Cseshkovsky USSR 1978}) (13. Qc2 h6
14. Bh4 Bxe2 15. Qxe2 Rb8 16. Rfe1 Re8 17. Rad1 Ne4 18. Bxe7 Qxe7 $10 {
Chigorin-Marshall Ostende 1907}) 13... Bd7 (13... Qd7 14. Nd4 c5 15. Bb5 Qd6
16. Nc6 $16 {Estevez-Medina Mexico 1991}) 14. Nd4 (14. Qc2 h6 15. Bh4 Re8 16.
Nd4 Nh5 17. Bg3 $6 Bf6 18. Nf5 Nxg3 19. fxg3 $6 Rb8 20. Kh1 c5 $15 {
Estevez-Antunes Santa Clara 1991}) 14... Qc8 (14... c5 15. Nc6 Bxc6 16. Qxc6
Rb8 17. b3 Rb6 18. Qa4 h6 19. Bh4 Ne4 $6 20. Bxe4 Bxh4 21. Bxd5 $16 {
Estevez-Perez Cuba 1991}) 15. Rfe1 Bd8 16. Qc2 h6 17. Bf4 Bc7 18. Nf5 Bxf5 19.
Bxf5 Qb8 20. Bg3 Bxg3 21. hxg3 Re8 22. Qd2 Qc7 $10 {Kiselev-Orlov St.
Petersburg 1992}) 13. Qc2 (13. Qa4 Bxe2 14. Bxe2 h6 (14... Re8 15. Bd3 Rb8 16.
Rae1 Re5 17. Rxe5 Bxe5 18. Re1 Qc7 19. f4 $6 Qb6+ 20. Kh1 Ng4 21. Bh4 Bf6 $15 {
Bykhovsky-Mueller Gronningen open 1991}) 15. Bh4 g5 16. Bg3 Bxg3 17. hxg3 Qb6
18. Bd3 Rfe8 $10 {Kotsur-Barkhagen Duisburg WCJ 1992}) 13... h6 14. Bh4 Bd7 $6
{/\15. - Bxh2+ 16.Kxh2 Ng4+ 17.Kg3 g5-/+} (14... Bxe2 15. Qxe2 Re8 16. Qf3 Rb8
$10 {/\Be5+Dd6}) 15. Bh7+ Kh8 16. Bf5 $14 {/^h4-d8, ><c6} Bxf5 17. Qxf5 Qc8 (
17... Be7 18. Nd4 Rc8 19. Rfe1 $16 {/\Re2+Rae1} c5 20. Nf3 {><d5}) 18. Qxc8
Raxc8 19. Bxf6 gxf6 20. Nd4 $14 {><c6,><f5} Rfe8 21. Rfe1 {/\22.Rxe8+ Rxe8 23.
Nxc6} Re5 $6 (21... Bc5 $5 22. Nf5 (22. Rxe8+ Rxe8 23. Nxc6 Re2 $15) 22... Kh7
23. b4 Bf8 $14) 22. Kf1 a5 (22... Bc5 $5) (22... c5 23. Nf3 Rxe1+ 24. Rxe1 {
><d5}) 23. g3 a4 24. f4 $16 Rxe1+ 25. Rxe1 h5 26. Nf5 Bf8 27. Re2 $1 {><b2,/
\Ke1-d1} Kh7 28. Ke1 Kg6 29. Nh4+ Kh7 30. Kd1 Rb8 31. Kc2 Bc5 32. Kd3 Bf8 33.
Rc2 {/\c3-c4} Rd8 34. b4 (34. c4 dxc4+ 35. Kxc4 Rd1 $132) 34... axb3 35. axb3
c5 $6 (35... Ra8 $5) 36. Rd2 $1 {><d5, /\Kc2+Nf5-e3} c4+ 37. bxc4 dxc4+ 38. Ke2
Re8+ (38... Rxd2+ 39. Kxd2 $18 {><c4,עh7}) 39. Kf3 {><c4,><h5} Bc5 40. Nf5 (
40. Rd5 $2 Re3+ 41. Kg2 Bf8 $132) 40... Re1 41. Rd5 Rf1+ 42. Ke2 Rf2+ 43. Ke1
Bb6 44. Rb5 Ba7 45. Rb7 Ra2 46. Rxf7+ Kg6 47. Nd6 h4 (47... Rxh2 48. f5+ Kg5
49. Rg7+ Kh6 50. Rg6+ Kh7 51. Ne4 $18) 48. f5+ Kh5 49. Rg7 hxg3 50. hxg3 Bb8
51. Ne8 Be5 52. Rg6 $1 Bxc3+ 53. Kf1 Ra1+ 54. Kg2 {Hansen,Cu} 1-0